Départements français les plus hauts et les plus larges - Statistiques

Statistiques générales
  • Ce quiz a été pris 398 fois
  • Le résultat moyen est 14 sur 20
Statistiques - réponses
km Département % Correct
153 HDF Nord
94%
154 NAQ Gironde
87%
135 GES Meurthe-et-Moselle
80%
129 BRE Finistère
79%
141 NOR Manche
78%
138 HDF Aisne
77%
127 GES Moselle
77%
130 BRE Côtes-d'Armor
76%
130 HDF Somme
76%
134 GES Meuse
71%
137 OCC Haute-Garonne
69%
134 CVL Cher
66%
143 NAQ Charente-Maritime
65%
134 GES Vosges
65%
139 OCC Aveyron
64%
137 ARA Drôme
64%
135 NOR Orne
63%
140 BFC Saône-et-Loire
60%
147 NAQ Pyrénées-Atlantiques
57%
142 PDL Vendée
54%
Aucun quiz correspondant
Distribution des résultats
% des personnes avec chaque résultat
Percentile par nombre de réponses
Votre historique - résultats
Vous n’avez pas pris ce quiz